000 00868nam a2200277 4500
001 0000023507
003 CO-CtgCURN
005 20250506215345.0
008 160627s2009 000 0 eng d
020 _a9789584521286
040 _aCO-CtgCURN
_bspa
_ccoctgcurn
082 0 _aCh863.6
_bE951
100 1 _aEdwards, Sebastian.
245 1 3 _aEl misterio de las Tanias /
_cSebastian Edwards.
260 _aBogotá :
_bNorma,
_c2009.
300 _a360 p.
336 _2rdacontent
337 _2rdamedia
_asin mediacion
_bn
338 _2rdacarrier
_avolumen
_bnc
490 1 _aLa otra orilla
505 8 _aUn largo adios.--El misterio de las Tanias.--El simulacro de los espejos
650 0 _aAsesinato
_vNovela.
908 _a160627
942 _cBK
_hCh863.6
_iE951
_2ddc
999 _c48345
_d48345
_x1